Viera dáva spasenie a pokoj s Bohom : z Dištriktuálneho dňa v Spišskej Novej Vsi

Podrobná bibliografia
Hlavný autor: Zimániová, Zuzana (Author)
Ďalší autori: Dvořák, K.I (Photographer)
Médium: Článok
Jazyk:Slovak
Témy:
Zdroj: 1. Evanjelický posol spod Tatier 1. 0139-8768 1. Roč. 94, č. 31 (2004), s. 2
LEADER 00914nab#a2200313#ar4500
001 000050331
003 SVKKK
005 20041108135928.0
008 041108c2004 xo e slo
FMT
038 |a SVKKK 
040 |a SVKKK  |b slo  |e AACR2 
041 0 |a slo 
044 |a xo  |c SK 
080 |a 284.1  |2 1997 
100 1 |a Zimániová, Zuzana  |4 aut 
245 1 0 |a Viera dáva spasenie a pokoj s Bohom :  |b z Dištriktuálneho dňa v Spišskej Novej Vsi  |c Zuzana Zimániová ; K.I. Dvořák 
300 |b Fotogr. 
610 2 4 |a Evanjelická cirkev a.v. na Slovensku.  |b Východný dištrikt 
611 2 4 |a Dištriktuálny deň  |d (9. :  |c Spišská Nová Ves, Slovensko) 
700 1 |a Dvořák, K.I.  |4 pht 
773 0 |t Evanjelický posol spod Tatier  |x 0139-8768  |g Roč. 94, č. 31 (2004), s. 2 
957 |a 810 
958 |a SN 
974 |a Čr 
992 |a RBX 
BAS
852 |a SVKKK  |b BIB 
998 |a REG